Southville International School and Colleges
Your cart is empty.
  • Cart
  • Lists
    Public lists list_1 View all
    Your lists Log in to create your own lists
  • Log in to your account
  • Your cookies
  • Search history
Southville International School and Colleges
  • Advanced search
  • Recent comments
  • Most popular
  • Libraries

Log in to your account

Log in with GOOGLE


If you do not have an external account, but do have a local account, you can still log in:

  1. Home
  2. MARC view: Study skills :
Normal view MARC view ISBD view

Study skills : (Record no. 105219)

[ view plain ]
MARC details
000 -LEADER
fixed length control field 00648nam a2200217 a 4500
005 - DATE AND TIME OF LATEST TRANSACTION
control field 20140412111347.0
008 - FIXED-LENGTH DATA ELEMENTS--GENERAL INFORMATION
fixed length control field 041110s19uu xx 00 eng d
020 ## - INTERNATIONAL STANDARD BOOK NUMBER
International Standard Book Number 0-88309-651-x
050 ## - LIBRARY OF CONGRESS CALL NUMBER
Classification number M 025.5
Item number R61 1991
100 ## - MAIN ENTRY--PERSONAL NAME
Personal name Rodgers, Molly
245 ## - TITLE STATEMENT
Title Study skills :
Remainder of title Using books and libraries /
Statement of responsibility, etc Molly Rodgers.
260 ## - PUBLICATION, DISTRIBUTION, ETC. (IMPRINT)
Place of publication, distribution, etc Ohio :
Name of publisher, distributor, etc ELP,
Date of publication, distribution, etc 1991.
300 ## - PHYSICAL DESCRIPTION
Extent 96
520 ## - SUMMARY, ETC.
Summary, etc Dictionary skills--Parts of the book--Kinds of books--Library skills
650 ## - SUBJECT ADDED ENTRY--TOPICAL TERM
Topical term or geographic name as entry element Library instruction--Juvenile literature
650 ## - SUBJECT ADDED ENTRY--TOPICAL TERM
Topical term or geographic name as entry element Library skills-- Juvenile literature
Holdings
Withdrawn status Lost status Damaged status Home library Current library Shelving location Date acquired Source of acquisition Total Checkouts Full call number Barcode Date last seen Price effective from Koha item type
      Elizalde Library Elizalde Library Main Section 11/10/2004     M 025.5 R61 1991 E9638 04/12/2014 04/12/2014 Books
      Elizalde Library Elizalde Library Main Section 11/10/2004     M 025.5 R61 1991 E9639 04/12/2014 04/12/2014 Books
      Elizalde Library Elizalde Library Main Section 11/10/2004     M 025.5 R61 1991 E9640 04/12/2014 04/12/2014 Books
      Elizalde Library Elizalde Library Main Section 11/10/2004     M 025.5 R61 1991 E9641 04/12/2014 04/12/2014 Books

Study skills :

APA

Rodgers M., . (1991). Study skills. Ohio: ELP.

Chicago

Rodgers Molly, . 1991. Study skills. Ohio: ELP.

Harvard

Rodgers M., . (1991). Study skills. Ohio: ELP.

MLA

Rodgers Molly, . Study skills. Ohio: ELP. 1991.

  • Place hold
  • Print
  • Cite
  • Add to your cart (remove)
  • Save record
    BIBTEX Dublin Core MARCXML MARC (non-Unicode/MARC-8) MARC (Unicode/UTF-8) MARC (Unicode/UTF-8, Standard) MODS (XML) RIS
  • More searches
    Search for this title in:
    Other Libraries (WorldCat) Other Databases (Google Scholar) Online Stores (Bookfinder.com) Open Library (openlibrary.org)

Exporting to Dublin Core...

SOUTHVILLE LIBRARY

Southville International School and Colleges Library

1281 Tropical Ave. Cor. Luxembourg St., BF Homes International, Las Pinas City

Tel. No. 8256374 / 252358 Loc. 117/146

Powered by Koha